000 01512nam a2200469 i 4500
001 33836
003 KOSZ 005
005 20220425101758.0
008 981215s1998 pl a |001 0 pol
015 _aUWD 1998/16662
020 _a8320811503
035 _a991008734039705066
035 _a(PL-WaBN)b12255762-48omnis_nlop
035 _ab12255762
035 _a(OCoLC)749423518
035 _azz2004793041
035 _a(PL)b0000001225576
035 _a(EXLNZ-48OMNIS_NETWORK)9910433283405606
040 _aWA N
_cWA N
_dKOSZ 005/HR
041 0 _apol
080 _a913(438):33
245 0 0 _aGeografia gospodarcza Polski :
_bpraca zbiorowa /
_cpod red. Ireny Fierli.
250 _aWyd. 4 zm.
260 _aWarszawa :
_bPolskie Wydawnictwo Ekonomiczne,
_c1998.
300 _a376 s. :
_bmapy, rys. ;
_c24 cm.
336 _aTekst
_btxt
_2rdacontent
337 _aBez urządzenia pośredniczącego
_bn
_2rdamedia
338 _aWolumin
_bnc
_2rdacarrier
380 _aKsiążki
388 _a1901-2000
388 _a1989-2000
504 _aIndeks.
650 7 _aGeografia gospodarcza
651 7 _aPolska
_2DBN
658 _aGeografia i nauki o Ziemi
658 _aGospodarka, ekonomia, finanse
700 1 _aFierla, Irena
_d(1933- )
_eRedakcja
710 2 _aPolskie Wydawnictwo Ekonomiczne
_4pbl
856 _uhttp://koha.tu.koszalin.pl/cgi-bin/koha/opac-detail.pl?biblionumber=33836
_yKatalog online BPK
942 _2UKD
_cKS
999 _c33836
_d33836